Impact of the exchange rate regime on the monetary independence in the European Union diplomová práca

Uložené v:
Podrobná bibliografia
Hlavný autor: Ševčík, Marek
Korporativný autor: Národohospodárska fakulta EU. Katedra financií
Ďalší autori: Alexy, Martin, 1976-
Médium: Kniha
Jazyk:English
Vydavateľské údaje: Bratislava 2017
Tagy: Pridať tag
Žiadne tagy, Buďte prvý, kto otaguje tento záznam!

MARC

LEADER 00000nbm a2200000 4500
001 0231948
005 20240913101242.2
041 0 |a eng 
044 |a SK 
245 1 0 |a Impact of the exchange rate regime on the monetary independence in the European Union  |b diplomová práca  |c Marek Ševčík ; školiteľ: Martin Alexy 
264 1 |a Bratislava  |c 2017 
300 |a 41 s. 
100 1 |a Ševčík, Marek 
700 1 |a Alexy, Martin, 1976- 
710 2 |a Národohospodárska fakulta EU. Katedra financií